Double day children's encyclopedia. 4 V (Record no. 40227)

MARC details
000 -LEADER
fixed length control field 00250nam a2200097Ia 4500
082 ## - DEWEY DECIMAL CLASSIFICATION NUMBER
Classification number 003
Item number CHI
245 #0 - TITLE STATEMENT
Title Double day children's encyclopedia. 4 V
260 ## - PUBLICATION, DISTRIBUTION, ETC. (IMPRINT)
Place of publication New York
Name of publisher Doubleday
Year of publication 1989
942 ## - ADDED ENTRY ELEMENTS (KOHA)
Koha item type Books
Holdings
Withdrawn status Lost status Damaged status Not for loan Home library Current library Date acquired Full call number Accession Number Koha item type
        RRII Library RRII Library 16/12/2021 003 CHI 20532 Books